000
00270nam a2200109Ia 4500
008
220204s9999 xx 000 0 und d
082
_a
330.101.542
_b
CHO
100
_a
CHOPRA, P N
245
0
_a
Advanced economic theory
260
_a
Delhi
_b
Kalyani Pub
_c
1975
942
_c
BK
999
_c
23675
_d
23675